| 000 | 00807cab a2200181 4500 | ||
|---|---|---|---|
| 001 | L129759 | ||
| 008 | 050518n2005 000 0 eng u | ||
| 035 | _a(Sirsi) u129759 | ||
| 041 | _aeng | ||
| 100 | _aDorrell, Ed | ||
| 245 | _aAJ 100 survey | ||
| 260 | _c2005 | ||
| 490 |
_aArchitects' Journal _v221(18) 12 May 2005, 39-98(39) |
||
| 520 | _aGives listings and details of the top 100 firms in terms of the number of qualified UK architects. Includes fee income, salaries and pensions and education. Notes that BDP for the fifth year running is still on top of the list for the number of qualified architects as it has a very evenly balanced workload and spreads its expertise in every sector. | ||
| 590 | _aIKA190505 | ||
| 690 | _aMANAGEMENT-BUSINESS MANAGEMENT-PROFESSIONAL PRACTICE | ||
| 942 | _n0 | ||
| 999 |
_c75254 _d75254 |
||